[Event "IECC KO-2084"]
[Site "IECC email"]
[Date "2006.11.26"]
[Round "?"]
[White "Hay, George"]
[Black "Camps, Jean Pierre"]
[Result "1/2-1/2"]
[WhiteElo "1290"]
[BlackElo "1500"]
[PlyCount "72"]
[EventDate "2006.??.??"]
[EventType "match (corr)"]
[EventRounds "2"]
[SourceTitle "Corr 2008"]
[Source "ChessBase"]
[SourceDate "2008.06.24"]
[SourceVersion "1"]
[SourceVersionDate "2008.06.24"]
[SourceQuality "1"]

1. Nf3 Nf6 2. e4 Nxe4 3. d4 d5 4. Be3 Bg4 5. Nbd2 g6 6. Nxe4 dxe4 7. h3 Bxf3 8. gxf3 Qd5 9. fxe4 Qxe4 10. Rg1 Nc6 11. c3 0-0-0 12. Bg2 Qf5 13. Qa4 Kb8 14. 0-0-0 Na5 15. Bh1 h6 16. Rg4 b6 17. b4 Nb7 18. Rf4 Qxh3 19. Qc6 Qc8 20. Rxf7 g5 21. Re1 Rd6 22. Qf3 Rg6 23. Bd2 c6 24. Qe4 Rd6 25. Qe5 Rg8 26. c4 Qh3 27. Rf3 Qg4 28. c5 Bg7 29. Qh2 Qxd4 30. cxd6 Qa1+ 31. Kc2 Qxa2+ 32. Kd1 Qa4+ 33. Ke2 Qb5+ 34. Rd3 Nxd6 35. Rc1 Rc8 36. f4 g4 1/2-1/2

[Event "IECC M-4954"]
[Site "IECC email"]
[Date "2004.02.15"]
[Round "?"]
[White "Hay, George"]
[Black "Azzola, Orazio"]
[Result "1-0"]
[WhiteElo "1215"]
[BlackElo "1272"]
[PlyCount "59"]
[EventDate "2004.??.??"]
[EventType "tourn (corr)"]
[EventRounds "10"]
[SourceTitle "Corr 2020"]
[Source "ChessBase"]
[SourceDate "2019.09.30"]
[SourceVersion "1"]
[SourceVersionDate "2019.09.30"]
[SourceQuality "1"]
[WhiteTeam "Canada"]
[BlackTeam "Italy"]
[WhiteTeamCountry "CAN"]
[BlackTeamCountry "ITA"]

1. e4 c6 2. d4 d5 3. e5 Bf5 4. Bd3 Bxd3 5. cxd3 e6 6. Nf3 c5 7. dxc5 Bxc5 8. d4 Bb4+ 9. Nc3 Qa5 10. 0-0 Bxc3 11. bxc3 Qxc3 12. Rb1 b6 13. Bg5 Qc7 14. Rc1 Qd7 15. Qc2 Na6 16. Qe2 Nc7 17. Rc2 Rc8 18. Rfc1 h6 19. Qa6 hxg5 20. Qxa7 Kd8 21. Rc6 g4 22. Rxc7 Rxc7 23. Qb8+ Qc8 24. Qxb6 gxf3 25. Qd6+ Qd7 26. Qf8+ Qe8 27. Qd6+ Rd7 28. Qb6+ Ke7 29. Qc5+ Kd8 30. Rb1 1-0

[Event "IECC M email"]
[Site "IECC email"]
[Date "2003.11.18"]
[Round "?"]
[White "Hay, George"]
[Black "Floors, Marienjo"]
[Result "1-0"]
[WhiteElo "1180"]
[BlackElo "1300"]
[PlyCount "29"]
[EventDate "2003.??.??"]
[EventType "tourn (corr)"]
[EventRounds "6"]
[SourceTitle "Corr 2008"]
[Source "ChessBase"]
[SourceDate "2008.06.24"]
[SourceVersion "1"]
[SourceVersionDate "2008.06.24"]
[SourceQuality "1"]

1. Nf3 d5 2. d4 e6 3. e3 Bd7 4. c4 Bb4+ 5. Bd2 Bxd2+ 6. Nbxd2 Nf6 7. Qb3 0-0 8. Bd3 Bc6 9. 0-0 Nbd7 10. Rfc1 Qe7 11. cxd5 Nxd5 12. Nc4 b6 13. Nxb6 Rab8 14. Rxc6 N7xb6 15. a3 1-0

[Event "IECC M email"]
[Site "IECC email"]
[Date "2002.12.21"]
[Round "?"]
[White "Hay, George"]
[Black "Mathes, Christian"]
[Result "1-0"]
[WhiteElo "1061"]
[BlackElo "1166"]
[PlyCount "45"]
[EventDate "2002.??.??"]
[EventType "tourn (corr)"]
[EventRounds "6"]
[SourceTitle "Corr 2008"]
[Source "ChessBase"]
[SourceDate "2008.06.24"]
[SourceVersion "1"]
[SourceVersionDate "2008.06.24"]
[SourceQuality "1"]

1. d4 e6 2. e4 d5 3. Nd2 Nf6 4. e5 Nfd7 5. c3 c5 6. Bb5 Qb6 7. Qa4 a6 8. Bd3 Nc6 9. Ne2 cxd4 10. cxd4 Be7 11. 0-0 0-0 12. Nf3 f6 13. Qc2 h6 14. Nf4 Ndb8 15. Ng6 Rf7 16. b3 Bd7 17. a3 Nxd4 18. Nxd4 Qxd4 19. Be3 Qg4 20. h3 Qh5 21. Nf4 Qxe5 22. Bh7+ Kf8 23. Ng6+ 1-0